[Event "12th Africa-ch (w)"]
[Site "Livingstone ZAM"]
[Date "2018.05.14"]
[Round "3"]
[White "Francis, Onkemetse Linda"]
[Black "Simenda, Daisy"]
[Result "1-0"]
[WhiteElo "1813"]
[BlackElo "1502"]
[EventDate "2018.05.13"]
[PlyCount "51"]

1.e4 c6 2.d4 d5 3.Nc3 dxe4 4.Nxe4 Bf5 5.Ng3 Bg6 6.Nf3 h6 7.c3 Nf6 8.Qb3 
Qb6 9.Qxb6 axb6 10.Ne5 Bh7 11.Bd3 Bxd3 12.Nxd3 e6 13.O-O Be7 14.Re1 Nbd7 
15.a3 O-O 16.Bd2 c5 17.Ne2 Rfd8 18.Rad1 Ne4 19.Be3 Rac8 20.Bf4 cxd4 21.
Nxd4 Ndc5 22.Nb5 f6 23.Bc7 Nxd3 24.Bxd8 Nxe1 25.Bxe7 Nxg2 26.Kxg2 1-0

[Event "12th Africa-ch (w)"]
[Site "Livingstone ZAM"]
[Date "2018.05.14"]
[Round "3"]
[White "Desiderata, Nkhoma"]
[Black "Mashane, Mary"]
[Result "1-0"]
[WhiteElo "1481"]
[BlackElo "1285"]
[EventDate "2018.05.13"]
[PlyCount "88"]

1.d4 d5 2.Nf3 Nc6 3.Nc3 Nf6 4.g3 Bf5 5.Bg2 Nb4 6.O-O Bxc2 7.Qd2 Bf5 8.e4 
Be6 9.Ng5 Bg4 10.e5 Ng8 11.Nxf7 Kxf7 12.Qf4+ Ke8 13.Qxg4 c6 14.Ne2 Qd7 15.
Qh4 e6 16.a3 Na6 17.Bg5 Qf7 18.b4 h6 19.Bd2 g5 20.Qg4 Be7 21.f4 h5 22.Qf3 
g4 23.Qd3 Nh6 24.b5 Nc7 25.bxc6 bxc6 26.Rac1 Nf5 27.Rxc6 Bd8 28.Ba5 Rc8 
29.Bxc7 Bxc7 30.Qa6 Qd7 31.Rxe6+ Ne7 32.f5 Kd8 33.Qxa7 Nxf5 34.Rf6 Ne3 35.
Qc5 Bxe5 36.Rf8+ Rxf8 37.Qxf8+ Kc7 38.Qc5+ Kd8 39.Qb6+ Bc7 40.Qf6+ Qe7 41.
Qh8+ Kd7 42.Qxh5 Nxg2 43.Qxd5+ Qd6 44.Qxd6+ Kxd6 1-0

[Event "12th Africa-ch (w)"]
[Site "Livingstone ZAM"]
[Date "2018.05.15"]
[Round "4"]
[White "Shahenda, Wafa"]
[Black "Latreche, Sabrina"]
[Result "1-0"]
[WhiteElo "2148"]
[BlackElo "2043"]
[EventDate "2018.05.13"]
[PlyCount "85"]

1.e4 d5 2.exd5 Qxd5 3.d4 c6 4.Nf3 Nf6 5.Be2 Bf5 6.O-O Nbd7 7.c4 Qa5 8.a3 
e6 9.Nc3 Qc7 10.Bd3 Bxd3 11.Qxd3 Be7 12.Re1 Rd8 13.Qe2 Nb6 14.b4 O-O 15.
Bb2 a5 16.bxa5 Nc8 17.a6 bxa6 18.c5 a5 19.Qa6 Na7 20.Na4 Nb5 21.Nb6 Nd5 
22.a4 Na7 23.Rab1 Rb8 24.Nxd5 cxd5 25.Bc3 Nc6 26.Rb6 Nb4 27.Qxa5 Nd3 28.
Reb1 Ra8 29.Qb5 Nf4 30.Rb7 Qxb7 31.Qxb7 Ne2+ 32.Kf1 Nxc3 33.Rb3 Ne4 34.
Qxe7 Rxa4 35.Rb2 Ra1+ 36.Ne1 Ra4 37.c6 Rc8 38.c7 Raa8 39.Nd3 Nf6 40.Ne5 
Rf8 41.Nc6 Rfe8 42.Rb8 Ra1+ 43.Ke2 1-0

[Event "12th Africa-ch (w)"]
[Site "Livingstone ZAM"]
[Date "2018.05.15"]
[Round "4"]
[White "Caxita, Esperanca"]
[Black "Mezioud, Amina"]
[Result "1-0"]
[WhiteElo "1761"]
[BlackElo "2078"]
[EventDate "2018.05.13"]
[PlyCount "64"]

1.e4 e5 2.Nf3 Nc6 3.Bc4 Bc5 4.c3 Nf6 5.d3 d6 6.O-O a5 7.h3 O-O 8.Bg5 h6 9.
Bh4 Ba7 10.Nbd2 Be6 11.Nh2 g5 12.Bg3 Ne7 13.h4 Ng6 14.hxg5 hxg5 15.Bxe6 
fxe6 16.Ndf3 Nh5 17.d4 exd4 18.cxd4 Nhf4 19.Re1 Qe7 20.Bxf4 Rxf4 21.g3 
Rff8 22.Kg2 c5 23.d5 c4 24.Re2 Ne5 25.Nxe5 dxe5 26.Qd2 Bd4 27.Nf3 Qf6 28.
Nxg5 exd5 29.exd5 Rfd8 30.Ne6 Rd7 31.Rae1 Rc8 32.Nxd4 exd4 1-0

[Event "12th Africa-ch (w)"]
[Site "Livingstone ZAM"]
[Date "2018.05.15"]
[Round "4"]
[White "Tlale, Tshepang"]
[Black "Mwango, Makumba Lorita"]
[Result "0-1"]
[WhiteElo "1844"]
[BlackElo "1923"]
[EventDate "2018.05.13"]
[PlyCount "84"]

1.e4 e6 2.Nf3 d5 3.Nc3 dxe4 4.Nxe4 Nf6 5.Nxf6+ Qxf6 6.d4 h6 7.Bd3 Nc6 8.
O-O Bd7 9.c3 Bd6 10.Be4 O-O 11.Qc2 Rab8 12.Be3 Ne7 13.Rad1 Bc6 14.c4 Bxe4 
15.Qxe4 Qf5 16.Qd3 Qxd3 17.Rxd3 c6 18.Nd2 Rfd8 19.Ne4 Bc7 20.Rfd1 b6 21.b3
Rd7 22.Bxh6 f5 23.Ng5 gxh6 24.Nxe6 Kf7 25.d5 cxd5 26.cxd5 Bd6 27.Nd4 Rc8 
28.g3 Rc5 29.Nf3 Rdc7 30.Kg2 Rc1 31.R1d2 R7c2 32.a4 Rxd2 33.Rxd2 Rc5 34.
Rd3 Rxd5 35.Rxd5 Nxd5 36.Nd4 Kf6 37.Nb5 Bb8 38.f4 a6 39.Nd4 Bd6 40.Kf3 Nb4
41.h3 Bc5 42.Ne2 Nc2 0-1

[Event "12th Africa-ch (w)"]
[Site "Livingstone ZAM"]
[Date "2018.05.15"]
[Round "4"]
[White "Latreche, Khadidja"]
[Black "Vilhete, Vania"]
[Result "1-0"]
[WhiteElo "1888"]
[BlackElo "1717"]
[EventDate "2018.05.13"]
[PlyCount "59"]

1.e4 c5 2.Nc3 d6 3.g3 Nf6 4.Bg2 Nc6 5.Nge2 e6 6.O-O Be7 7.d4 cxd4 8.Nxd4 
Nxd4 9.Qxd4 O-O 10.Rd1 Qc7 11.h3 a6 12.Be3 b5 13.e5 dxe5 14.Qb6 Qxb6 15.
Bxb6 e4 16.Nxe4 Rb8 17.Nxf6+ Bxf6 18.Bc7 Rb7 19.Bxb7 Bxb7 20.c3 Bd5 21.f4 
Rc8 22.Bb6 h6 23.Rd2 Rc6 24.Bd4 Be7 25.b4 Kh7 26.a4 bxa4 27.Rxa4 g5 28.Ra5
Kg6 29.Re2 gxf4 30.Rxd5 1-0

[Event "12th Africa-ch (w)"]
[Site "Livingstone ZAM"]
[Date "2018.05.15"]
[Round "4"]
[White "Makwena, Christine"]
[Black "Sherif, Amina"]
[Result "1/2-1/2"]
[WhiteElo "1513"]
[BlackElo "1955"]
[EventDate "2018.05.13"]
[PlyCount "117"]

1.c4 e5 2.Nc3 d6 3.g3 f5 4.d3 Nf6 5.Bg2 Be7 6.e3 O-O 7.Nge2 Qe8 8.O-O a5 
9.a3 Na6 10.Bd2 Qh5 11.Rb1 c6 12.Nc1 Qg6 13.Na4 Bd8 14.b4 axb4 15.axb4 Bd7
16.Nc3 Nc7 17.Nb3 Ne6 18.Ne2 f4 19.exf4 Qxd3 20.fxe5 dxe5 21.Bc3 Qxc4 22.
Bxe5 Be8 23.Nbd4 Kh8 24.Qb3 Qxb3 25.Rxb3 Nxd4 26.Nxd4 Bf7 27.Rbb1 Bb6 28.
Nb3 Bc4 29.Rfc1 Bxf2+ 30.Kxf2 Ng4+ 31.Kg1 Nxe5 32.Nc5 Ra2 33.Ra1 Rxa1 34.
Rxa1 b6 35.Nb7 g6 36.Nd6 Be2 37.Re1 Nf3+ 38.Bxf3 Bxf3 39.Rf1 Kg8 40.Nc4 b5
41.Ne5 Bd5 42.Rxf8+ Kxf8 43.Kf2 Ke7 44.Ke3 Ke6 45.Kd4 Kf5 46.Nd7 Kg4 47.
Nf6+ Kh3 48.Nxd5 cxd5 49.Kxd5 Kxh2 50.Kc5 Kxg3 51.Kxb5 h5 52.Kc5 h4 53.b5 
h3 54.b6 h2 55.b7 h1=Q 56.b8=Q+ Kg4 57.Qc8+ Kf4 58.Qc7+ Kf5 59.Qd7+ 
1/2-1/2

[Event "12th Africa-ch (w)"]
[Site "Livingstone ZAM"]
[Date "2018.05.15"]
[Round "4"]
[White "Laubscher, Anzel"]
[Black "Francis, Onkemetse Linda"]
[Result "1-0"]
[WhiteElo "1803"]
[BlackElo "1813"]
[EventDate "2018.05.13"]
[PlyCount "77"]

1.e4 d5 2.exd5 Qxd5 3.Nc3 Qd8 4.Bc4 Nf6 5.Nf3 Bf5 6.Ne5 e6 7.Qf3 c6 8.Nxf7
Kxf7 9.Qxf5 Qe7 10.Ne4 Nd7 11.Ng5+ Ke8 12.Qxe6 Qxe6+ 13.Nxe6 Ke7 14.O-O 
Nb6 15.Bb3 Kd7 16.d3 g6 17.Nxf8+ Rhxf8 18.h3 Nbd5 19.Bh6 Rfe8 20.Rfe1 Nc7 
21.Kf1 Ne6 22.Bxe6+ Rxe6 23.Rxe6 Kxe6 24.Re1+ Kd7 25.Bg5 Ng8 26.Re2 Rf8 
27.f3 h6 28.Bh4 Rf5 29.a3 Rb5 30.b3 Rf5 31.Re4 g5 32.Bg3 Rd5 33.c4 Ra5 34.
a4 Rf5 35.h4 b5 36.axb5 cxb5 37.hxg5 bxc4 38.gxh6 Nxh6 39.dxc4 1-0

[Event "12th Africa-ch (w)"]
[Site "Livingstone ZAM"]
[Date "2018.05.15"]
[Round "4"]
[White "Angolikin, Goretti"]
[Black "Botlhole, Kgalalelo"]
[Result "1/2-1/2"]
[WhiteElo "1701"]
[BlackElo "1728"]
[EventDate "2018.05.13"]
[PlyCount "86"]

1.e4 e5 2.Nf3 Nc6 3.Bc4 Bc5 4.c3 Nf6 5.d4 exd4 6.e5 d5 7.Bb5 Ne4 8.Bxc6+ 
bxc6 9.Nxd4 O-O 10.O-O Bd7 11.Be3 Bb6 12.Nd2 Nxd2 13.Qxd2 Qe7 14.f4 c5 15.
Nf3 c6 16.Kh1 Bf5 17.Qf2 Rab8 18.Nd2 Rfd8 19.Nb3 Bd3 20.Rfe1 c4 21.Bxb6 
Rxb6 22.Nc5 Bf5 23.b3 cxb3 24.axb3 Rb5 25.b4 h5 26.Nb3 Rb6 27.Ra5 Rb7 28.
Rea1 Ra8 29.Nd4 Bd7 30.Rc5 Rc8 31.Qe2 Qh4 32.Qe3 Qg4 33.h3 Qh4 34.Nf3 Qg3 
35.Rca5 Bf5 36.Rxa7 Rxa7 37.Rxa7 Be4 38.Qe1 Qxf4 39.Qe2 Re8 40.Rc7 Bxf3 
41.Qxf3 Qxf3 42.gxf3 Re6 43.Kg2 Kh7 1/2-1/2

[Event "12th Africa-ch (w)"]
[Site "Livingstone ZAM"]
[Date "2018.05.15"]
[Round "4"]
[White "Kudzanayi, Charinda"]
[Black "Banda, Maria"]
[Result "1/2-1/2"]
[WhiteElo "1692"]
[BlackElo "1584"]
[EventDate "2018.05.13"]
[PlyCount "94"]

1.c4 e5 2.Nc3 Nf6 3.d3 d5 4.cxd5 Nxd5 5.Nf3 Nc6 6.g3 Bb4 7.Bd2 Nxc3 8.Bxc3
Bxc3+ 9.bxc3 O-O 10.Bg2 Re8 11.O-O Bg4 12.Qc2 Qf6 13.Rab1 Rab8 14.Qa4 e4 
15.dxe4 Qxc3 16.Rfc1 Qf6 17.e5 Qe6 18.Ng5 Qf5 19.h4 h6 20.Bxc6 bxc6 21.
Rxb8 Rxb8 22.Qxa7 Re8 23.Nf3 Bxf3 24.exf3 Qxe5 25.Rxc6 Qd5 26.Rc1 Ra8 27.
Qxc7 Rxa2 28.Qb8+ Kh7 29.Qb1+ g6 30.Qe4 Qxe4 31.fxe4 Kg7 32.Kg2 Ra7 33.Rc6
Re7 34.f3 Re5 35.Kf2 Ra5 36.Rd6 Ra2+ 37.Ke3 h5 38.Kf4 Rh2 39.e5 Re2 40.Rd4
Rb2 41.Re4 Rb6 42.Re3 Kh6 43.g4 Rb4+ 44.Re4 Rb6 45.gxh5 Kxh5 46.Kg3 Rc6 
47.Re3 Ra6 1/2-1/2

[Event "12th Africa-ch (w)"]
[Site "Livingstone ZAM"]
[Date "2018.05.15"]
[Round "4"]
[White "Mwilola, Phylis Namasiku"]
[Black "Desiderata, Nkhoma"]
[Result "0-1"]
[WhiteElo "1497"]
[BlackElo "1481"]
[EventDate "2018.05.13"]
[PlyCount "70"]

1.d4 Nf6 2.Nf3 d6 3.Bf4 g6 4.e3 Bg7 5.Be2 O-O 6.h3 c5 7.O-O cxd4 8.exd4 
Nc6 9.c3 Re8 10.Bh2 Bd7 11.Nbd2 e5 12.d5 Nxd5 13.Ne4 Be6 14.Nfg5 Nf4 15.
Bxf4 exf4 16.Nxe6 Rxe6 17.f3 Qb6+ 18.Kh2 Qxb2 19.Rb1 Qxa2 20.Rxb7 d5 21.
Bb5 dxe4 22.Bxc6 Rxc6 23.fxe4 Rxc3 24.Kg1 Rac8 25.Qd5 Qxd5 26.exd5 Rc1 27.
Rxc1 Rxc1+ 28.Kf2 Bf8 29.Kf3 a5 30.Kxf4 a4 31.Ke5 Re1+ 32.Kd4 a3 33.Ra7 
Re2 34.Kc3 Rxg2 35.Ra8 Kg7 0-1

[Event "12th Africa-ch (w)"]
[Site "Livingstone ZAM"]
[Date "2018.05.15"]
[Round "4"]
[White "Mashane, Mary"]
[Black "Simenda, Daisy"]
[Result "0-1"]
[WhiteElo "1285"]
[BlackElo "1502"]
[EventDate "2018.05.13"]
[PlyCount "122"]

1.e4 e5 2.Nf3 d6 3.Be2 Nf6 4.Nc3 h6 5.O-O Be6 6.d4 exd4 7.Nxd4 Bd7 8.Bf3 
Nc6 9.Nde2 Ne5 10.Nd4 Nxf3+ 11.Nxf3 Be7 12.e5 dxe5 13.Nxe5 Be6 14.Qe2 O-O 
15.Bf4 c6 16.Qf3 Qa5 17.Ne2 Rad8 18.c3 Bd5 19.Qh3 Be6 20.Qf3 Bf5 21.Nd4 
Bh7 22.b4 Qd5 23.Rfe1 Qxf3 24.Nexf3 Nd5 25.Bd2 Bf6 26.Rac1 Nxb4 27.cxb4 
Bxd4 28.Nxd4 Rxd4 29.Bc3 Rd7 30.Re3 Bg6 31.Rce1 Rfd8 32.h4 Rd3 33.Re8+ 
Rxe8 34.Rxe8+ Kh7 35.Be1 Ra3 36.Re7 b5 37.g4 h5 38.g5 Rxa2 39.f4 Ra1 40.
Re5 Rb1 41.Kf2 Bd3 42.f5 Bc4 43.Re7 Rb2+ 44.Kf3 Ra2 45.Bg3 Ra3+ 46.Kf2 g6 
47.f6 a5 48.Bd6 axb4 49.Bxb4 Ra8 50.Rc7 Bd5 51.Bc3 Rb8 52.Bb4 Re8 53.Re7 
Rc8 54.Bc5 Kg8 55.Kg3 Ra8 56.Rb7 Re8 57.Re7 Ra8 58.Re2 Be6 59.Rb2 Ra4 60.
Rb4 Ra1 61.Kg2 Rd1 0-1

[Event "12th Africa-ch (w)"]
[Site "Livingstone ZAM"]
[Date "2018.05.16"]
[Round "5"]
[White "Shahenda, Wafa"]
[Black "Caxita, Esperanca"]
[Result "1/2-1/2"]
[WhiteElo "2148"]
[BlackElo "1761"]
[EventDate "2018.05.13"]
[PlyCount "102"]

1.e4 d5 2.exd5 Qxd5 3.Nc3 Qd6 4.d4 Nf6 5.Nf3 a6 6.Be2 Nc6 7.O-O Bf5 8.Be3 
O-O-O 9.Qd2 e5 10.Rfd1 Ng4 11.d5 Nb4 12.Bg5 f6 13.Nh4 Qb6 14.Bxg4 Bxg4 15.
Be3 Bc5 16.Na4 Qb5 17.Nxc5 Rxd5 18.Nd3 e4 19.Qxb4 Qxb4 20.Nxb4 Rxd1+ 21.
Rxd1 Bxd1 22.c3 Rd8 23.Nf5 Rd7 24.Nd5 Kd8 25.c4 Be2 26.b3 b5 27.Nd4 bxc4 
28.Nxe2 Rxd5 29.g4 cxb3 30.axb3 Rd1+ 31.Kg2 Rd3 32.b4 Kd7 33.Ng3 Kc6 34.
Nxe4 Kb5 35.Bc5 Kc4 36.Bf8 Rd7 37.h4 Rf7 38.Bc5 Rd7 39.Kg3 Rd5 40.h5 a5 
41.Bf8 axb4 42.Bxg7 Rd4 43.f3 b3 44.Bxf6 b2 45.Bxd4 Kxd4 46.Nd2 Kd3 47.Nb1
Kc2 48.Na3+ Kb3 49.Nb1 Kc2 50.Na3+ Kb3 51.Nb1 Kc2 1/2-1/2

[Event "12th Africa-ch (w)"]
[Site "Livingstone ZAM"]
[Date "2018.05.16"]
[Round "5"]
[White "Latreche, Sabrina"]
[Black "Latreche, Khadidja"]
[Result "1/2-1/2"]
[WhiteElo "2043"]
[BlackElo "1888"]
[EventDate "2018.05.13"]
[PlyCount "59"]

1.e4 c5 2.Nf3 Nc6 3.Bb5 Nd4 4.Nxd4 cxd4 5.O-O e6 6.d3 a6 7.Ba4 b5 8.Bb3 d6
9.f4 Nf6 10.Nd2 d5 11.e5 Ng8 12.Nf3 Bc5 13.Bd2 Ne7 14.Qe1 Nc6 15.Qg3 g6 
16.h4 Ne7 17.h5 Bd7 18.Qh3 Qb6 19.hxg6 fxg6 20.Ng5 h6 21.a4 bxa4 22.Bxa4 
Bxa4 23.Rxa4 Kd7 24.Nf7 Rh7 25.Ng5 Rhh8 26.Nf7 Rh7 27.Ng5 Rhh8 28.Nf7 Rh7 
29.Ng5 Rhh8 30.Nf7 1/2-1/2

[Event "12th Africa-ch (w)"]
[Site "Livingstone ZAM"]
[Date "2018.05.16"]
[Round "5"]
[White "Mwango, Makumba Lorita"]
[Black "Laubscher, Anzel"]
[Result "1-0"]
[WhiteElo "1923"]
[BlackElo "1803"]
[EventDate "2018.05.13"]
[PlyCount "71"]

1.d4 e6 2.Nf3 b6 3.g3 Bb7 4.Bg2 f5 5.O-O Nf6 6.b3 Be7 7.Bb2 O-O 8.Nbd2 Ne4
9.e3 d6 10.Nxe4 Bxe4 11.Nd2 Bxg2 12.Kxg2 d5 13.Rc1 Nd7 14.c4 Nf6 15.Nf3 
Ne4 16.Rc2 Bd6 17.Qe2 g5 18.Ne5 Bxe5 19.dxe5 g4 20.h3 h5 21.h4 a5 22.Rd1 
Rf7 23.cxd5 Rd7 24.Qc4 exd5 25.Qc6 Qe8 26.Rxd5 Rxd5 27.Qxd5+ Kf8 28.Rxc7 
Rd8 29.Ba3+ Nc5 30.Bxc5+ bxc5 31.Qxc5+ Kg8 32.Qxa5 Rd7 33.Rc1 Qb8 34.Rc6 
Qb7 35.Qa6 Qxa6 36.Rxa6 1-0

[Event "12th Africa-ch (w)"]
[Site "Livingstone ZAM"]
[Date "2018.05.16"]
[Round "5"]
[White "Mezioud, Amina"]
[Black "Makwena, Christine"]
[Result "1-0"]
[WhiteElo "2078"]
[BlackElo "1513"]
[EventDate "2018.05.13"]
[PlyCount "101"]

1.e4 e6 2.d3 d5 3.Nd2 Nf6 4.Ngf3 Be7 5.g3 O-O 6.Bg2 c5 7.O-O Nc6 8.e5 Nd7 
9.Re1 Qc7 10.Qe2 b6 11.c3 Bb7 12.Nf1 Rfe8 13.Bf4 Nf8 14.h4 Ng6 15.N1h2 
Nxf4 16.gxf4 Rad8 17.Kh1 d4 18.c4 Bf8 19.Ng5 Ne7 20.Qh5 Bxg2+ 21.Kxg2 Qc6+
22.Re4 h6 23.Qxf7+ Kh8 24.Nxe6 Rc8 25.Nxf8 Rxf8 26.Qxe7 Rxf4 27.Qd6 Rxe4 
28.Qxc6 Rxc6 29.dxe4 Re6 30.f4 Kg8 31.Nf3 Rg6+ 32.Kh3 Kf7 33.f5 Rc6 34.e6+
Ke7 35.Kg4 Rd6 36.Kf4 d3 37.Ke3 g6 38.fxg6 Rxe6 39.Rg1 Kf8 40.h5 Rd6 41.
Rg4 Kg7 42.Rf4 a6 43.Rf7+ Kg8 44.e5 Re6 45.Kxd3 b5 46.Ke4 bxc4 47.Kf5 Rb6 
48.e6 Rxb2 49.e7 Rb8 50.Ne5 c3 51.Nd7 1-0

[Event "12th Africa-ch (w)"]
[Site "Livingstone ZAM"]
[Date "2018.05.16"]
[Round "5"]
[White "Sherif, Amina"]
[Black "Botlhole, Kgalalelo"]
[Result "1-0"]
[WhiteElo "1955"]
[BlackElo "1728"]
[EventDate "2018.05.13"]
[PlyCount "103"]

1.e4 e5 2.Nf3 Nc6 3.Bb5 Nf6 4.d3 Bc5 5.O-O d6 6.c3 O-O 7.h3 h6 8.Re1 a6 9.
Ba4 Ne7 10.d4 exd4 11.cxd4 Bb4 12.Bd2 Bxd2 13.Nbxd2 Ng6 14.Bc2 Re8 15.Nf1 
c6 16.Ng3 Qb6 17.Qd2 Be6 18.a3 Rad8 19.b4 Ra8 20.Bd3 a5 21.Reb1 axb4 22.
Rxb4 Qc7 23.Qb2 Re7 24.Rb6 Rae8 25.Rb1 Bc8 26.Qd2 Nd7 27.R6b2 Nf6 28.a4 
Qd8 29.Ne1 h5 30.Nc2 h4 31.Nf5 Rc7 32.Qg5 Nh7 33.Qd2 Nf6 34.f3 c5 35.Nce3 
Nf4 36.Bb5 Rf8 37.Nc4 Bxf5 38.Qxf4 d5 39.Qxf5 dxc4 40.d5 c3 41.Rc2 g6 42.
Qg5 Kg7 43.Rxc3 Rh8 44.Rd1 Rh5 45.Qe3 b6 46.Rb1 Qd6 47.Bc6 Re7 48.Qf2 Qe5 
49.Qd2 Qg3 50.Rd3 Rg5 51.d6 Ra7 52.f4 1-0

[Event "12th Africa-ch (w)"]
[Site "Livingstone ZAM"]
[Date "2018.05.16"]
[Round "5"]
[White "Desiderata, Nkhoma"]
[Black "Tlale, Tshepang"]
[Result "0-1"]
[WhiteElo "1481"]
[BlackElo "1844"]
[EventDate "2018.05.13"]
[PlyCount "94"]

1.d4 Nf6 2.Nf3 c5 3.c3 e6 4.g3 Be7 5.Bg2 Nc6 6.O-O O-O 7.Bg5 d5 8.Bxf6 
Bxf6 9.dxc5 Qe7 10.e4 dxe4 11.Nfd2 Rd8 12.Bxe4 Qxc5 13.Bg2 Qb6 14.Qc2 e5 
15.Ne4 Be7 16.Nbd2 Be6 17.Nf3 f6 18.b4 Rac8 19.a3 Nd4 20.Nxd4 exd4 21.Rad1
f5 22.Nd2 Rxc3 23.Qb2 Bf6 24.Rfe1 Be7 25.Nf3 d3 26.Rd2 Qc7 27.g4 fxg4 28.
Nh4 Bxh4 29.Re4 Bf6 30.Re1 Rc2 31.Rxc2 Qxc2 32.Qxc2 dxc2 33.Be4 Rd1 34.
Bxc2 Rxe1+ 35.Kg2 Bd5+ 36.Kg3 Be5+ 37.Kxg4 Be6+ 38.Kf3 Bd5+ 39.Kg4 Re2 40.
Bd3 Rxf2 41.Kh3 Rxh2+ 42.Kg4 Rg2+ 43.Kh4 g5+ 44.Kh3 g4+ 45.Kh4 Bf6+ 46.Kh5
Bf7+ 47.Bg6 Bxg6+ 0-1

[Event "12th Africa-ch (w)"]
[Site "Livingstone ZAM"]
[Date "2018.05.16"]
[Round "5"]
[White "Vilhete, Vania"]
[Black "Kudzanayi, Charinda"]
[Result "1-0"]
[WhiteElo "1717"]
[BlackElo "1692"]
[EventDate "2018.05.13"]
[PlyCount "69"]

1.d4 Nf6 2.c4 g6 3.Nc3 Bg7 4.e4 d6 5.Nf3 O-O 6.Be2 Nbd7 7.O-O b6 8.h3 e5 
9.Bg5 Bb7 10.d5 a5 11.g3 h6 12.Be3 Nc5 13.Qc2 Qd7 14.b4 Na6 15.Rab1 Nb8 
16.c5 bxc5 17.bxc5 Ba6 18.c6 Qc8 19.Bxa6 Nxa6 20.Rb7 Nh5 21.Rfb1 f5 22.Nh4
Kh7 23.exf5 gxf5 24.Nxf5 Qxf5 25.Qxf5+ Rxf5 26.g4 Rf3 27.Kg2 Raf8 28.gxh5 
e4 29.Nxe4 Be5 30.Ra7 Nc5 31.Rxc7+ R8f7 32.Rxf7+ Rxf7 33.Nxc5 Rg7+ 34.Kf1 
dxc5 35.Bxc5 1-0

[Event "12th Africa-ch (w)"]
[Site "Livingstone ZAM"]
[Date "2018.05.16"]
[Round "5"]
[White "Francis, Onkemetse Linda"]
[Black "Angolikin, Goretti"]
[Result "1-0"]
[WhiteElo "1813"]
[BlackElo "1701"]
[EventDate "2018.05.13"]
[PlyCount "87"]

1.e4 c6 2.d4 d5 3.Nc3 dxe4 4.Nxe4 Bf5 5.Ng3 Bg6 6.Nf3 h6 7.c3 Nf6 8.Ne5 
Bh7 9.Qb3 Nd5 10.Qxb7 Nc7 11.Nxc6 Nxc6 12.Qxc6+ Qd7 13.Bb5 Rd8 14.Qxd7+ 
Rxd7 15.Bxd7+ Kxd7 16.f3 f6 17.Kf2 e6 18.Re1 Bd6 19.Ne4 Be7 20.g3 Rb8 21.
Re2 Nd5 22.a3 Rc8 23.Be3 Rc7 24.Rae1 Ke8 25.Bc1 Bg8 26.Nd2 Nb6 27.Re4 Bh7 
28.Rxe6 Kf7 29.R6e2 Bd3 30.Re3 Bg6 31.Rg1 Na4 32.Ree1 Bd3 33.Nf1 Nb6 34.
Ne3 Bf8 35.Rd1 Bh7 36.Rge1 Na4 37.c4 Rb7 38.Re2 Rb3 39.c5 g5 40.c6 Bd6 41.
Nc4 Bb8 42.Re3 Rxe3 43.Kxe3 Bc7 44.Re1 1-0

[Event "12th Africa-ch (w)"]
[Site "Livingstone ZAM"]
[Date "2018.05.16"]
[Round "5"]
[White "Simenda, Daisy"]
[Black "Banda, Maria"]
[Result "1/2-1/2"]
[WhiteElo "1502"]
[BlackElo "1584"]
[EventDate "2018.05.13"]
[PlyCount "120"]

1.d4 d5 2.c4 dxc4 3.e3 Nf6 4.Bxc4 Nc6 5.Nf3 Bg4 6.Nbd2 e6 7.O-O Bd6 8.h3 
Bh5 9.Be2 O-O 10.Nc4 Be7 11.Bd2 Ne4 12.Be1 Bg6 13.Nce5 Nxe5 14.Nxe5 Bf5 
15.f3 Nd6 16.e4 Bg6 17.Nxg6 fxg6 18.Rc1 c6 19.Bf2 Qd7 20.e5 Nf5 21.Qd3 
Rad8 22.Rfd1 Bg5 23.Rc3 Ne7 24.Rb3 Nd5 25.Qc4 Nf4 26.Bf1 b5 27.Qc2 Nd5 28.
a3 a5 29.Rbd3 a4 30.b3 Ra8 31.b4 h6 32.h4 Bd8 33.Rc1 Ra6 34.Rdd1 g5 35.Qe4
Rf4 36.Qg6 Ne7 37.Qd3 gxh4 38.Be3 Rf5 39.Qe2 Nd5 40.Bf2 Nf4 41.Qe1 Qe7 42.
Rc2 Rh5 43.Qe4 Nd5 44.Bd3 Rf5 45.Rdc1 Qd7 46.Bxh4 Bxh4 47.Qxh4 Rf4 48.Qh5 
Nxb4 49.axb4 Qxd4+ 50.Rf2 Qxd3 51.Qe8+ Kh7 52.Qxe6 Qd5 53.Qc8 Ra7 54.e6 
Re7 55.Rxc6 Rc4 56.Rxc4 Qxc4 57.Qxc4 bxc4 58.Rc2 Rxe6 59.Rxc4 Rb6 60.b5 
Rxb5 1/2-1/2

[Event "12th Africa-ch (w)"]
[Site "Livingstone ZAM"]
[Date "2018.05.16"]
[Round "5"]
[White "Mashane, Mary"]
[Black "Mwilola, Phylis Namasiku"]
[Result "1-0"]
[WhiteElo "1285"]
[BlackElo "1497"]
[EventDate "2018.05.13"]
[PlyCount "42"]

1.e4 d6 2.d4 Nf6 3.Nc3 g6 4.Be2 Bg7 5.Nf3 c5 6.d5 Qa5 7.O-O O-O 8.a3 Bg4 
9.Nd2 Bxe2 10.Qxe2 Nbd7 11.Nc4 Qb6 12.b3 Nxe4 13.Qxe4 Bxc3 14.Rb1 Nf6 15.
Qxe7 Nxd5 16.Qxd6 Qxd6 17.Nxd6 b6 18.Rd1 Bd4 19.Nb5 Rfe8 20.Bh6 a5 21.Nxd4
Nc3 1-0

[Event "12th Africa-ch (w)"]
[Site "Livingstone ZAM"]
[Date "2018.05.18"]
[Round "6"]
[White "Mezioud, Amina"]
[Black "Shahenda, Wafa"]
[Result "1/2-1/2"]
[WhiteElo "2078"]
[BlackElo "2148"]
[EventDate "2018.05.13"]
[PlyCount "144"]

1.e4 c5 2.Nf3 Nc6 3.Bb5 g6 4.O-O Bg7 5.Re1 e5 6.Bxc6 dxc6 7.d3 Qe7 8.Be3 
Nf6 9.Na3 Ng4 10.Bg5 f6 11.Bd2 Be6 12.Nc4 Nh6 13.Qe2 Nf7 14.Rad1 O-O 15.b3
b5 16.Nb2 a5 17.a4 Nd8 18.Be3 Bf7 19.Ra1 Ne6 20.c3 Nf4 21.Bxf4 exf4 22.
axb5 cxb5 23.c4 Rfd8 24.Qc2 b4 25.Rad1 g5 26.Na4 Qc7 27.d4 g4 28.Nh4 cxd4 
29.Nf5 Bf8 30.Rxd4 Rxd4 31.Nxd4 Rd8 32.Nf5 f3 33.Qb2 Qe5 34.Qxe5 fxe5 35.
gxf3 gxf3 36.h4 Be8 37.Nb6 Rd2 38.Nd5 Bc5 39.Nfe3 a4 40.bxa4 Bxa4 41.Rb1 
Bc2 42.Nxc2 Rxc2 43.Nxb4 Rxf2 44.Kh1 Re2 45.Nd3 Bd4 46.Rf1 f2 47.Kg2 Rxe4 
48.Nxf2 Rxh4 49.Re1 Kf7 50.Ne4 Ke6 51.Re2 Rg4+ 52.Kh3 Rg6 53.Ng3 Rg7 54.
Ra2 Rc7 55.Ra6+ Kf7 56.Rh6 Kg8 57.Kg4 Rxc4 58.Kf5 Rc7 59.Ne4 Kg7 60.Rh3 
Rf7+ 61.Ke6 Ra7 62.Rg3+ Kf8 63.Rf3+ Kg8 64.Nf6+ Kh8 65.Rb3 Kg7 66.Rg3+ Kh6
67.Ng4+ Kg5 68.Nxe5+ Kf4 69.Rf3+ Kg5 70.Rg3+ Kf4 71.Rf3+ Kg5 72.Rg3+ Kf4 
1/2-1/2

[Event "12th Africa-ch (w)"]
[Site "Livingstone ZAM"]
[Date "2018.05.18"]
[Round "6"]
[White "Latreche, Sabrina"]
[Black "Mwango, Makumba Lorita"]
[Result "1/2-1/2"]
[WhiteElo "2043"]
[BlackElo "1923"]
[EventDate "2018.05.13"]
[PlyCount "154"]

1.e4 e6 2.d3 d5 3.Nd2 Nf6 4.Ngf3 c5 5.g3 Nc6 6.Bg2 Be7 7.O-O O-O 8.e5 Nd7 
9.Re1 Qc7 10.Qe2 b6 11.c3 Ba6 12.Nf1 h6 13.h4 Rac8 14.Bf4 Qd8 15.N1h2 Re8 
16.h5 Bf8 17.Ng4 d4 18.c4 Bb7 19.Qd2 Kh7 20.Nh4 Na5 21.Bxb7 Nxb7 22.Bxh6 
gxh6 23.Qf4 Re7 24.Qe4+ Kh8 25.Qxb7 Nxe5 26.Qe4 Nxg4 27.Qxg4 Bg7 28.Re2 
Qd7 29.Rae1 Rce8 30.Qf3 Qb7 31.Re4 Kg8 32.Qe2 Bf6 33.Qg4+ Kh8 34.Qe2 Bg5 
35.Qd1 Kh7 36.Nf3 Bf6 37.Qe2 Rg8 38.Ne5 Rg5 39.Ng4 Bh8 40.Nh2 Re8 41.Rf4 
Re5 42.Qd1 Rg8 43.Rxe5 Bxe5 44.Rg4 Rf8 45.Nf3 Bg7 46.Qe2 Qc6 47.Ne5 Qd6 
48.f4 Qe7 49.Nf3 Re8 50.Nh4 f5 51.Rg6 Bf6 52.Nf3 Rg8 53.Rxg8 Kxg8 54.Kf2 
Qe8 55.Ne5 Bxe5 56.Qxe5 Qf7 57.a3 Kh7 58.b4 Qxh5 59.Qxe6 Qh2+ 60.Kf3 Qh1+ 
61.Ke2 Qg2+ 62.Kd1 Qxg3 63.Qxf5+ Qg6 64.Qd7+ Qg7 65.Qh3 Qg1+ 66.Ke2 Qg7 
67.Kf3 Qb7+ 68.Kf2 Qe7 69.bxc5 bxc5 70.Qf5+ Kg7 71.Qg4+ Kf7 72.Qh5+ Kg7 
73.f5 Qe3+ 74.Kg2 Qd2+ 75.Kh1 Qc1+ 76.Kh2 Qd2+ 77.Kh1 Qc1+ 1/2-1/2

[Event "12th Africa-ch (w)"]
[Site "Livingstone ZAM"]
[Date "2018.05.18"]
[Round "6"]
[White "Latreche, Khadidja"]
[Black "Caxita, Esperanca"]
[Result "0-1"]
[WhiteElo "1888"]
[BlackElo "1761"]
[EventDate "2018.05.13"]
[PlyCount "86"]

1.e4 d5 2.exd5 Qxd5 3.Nc3 Qd6 4.d4 Nf6 5.Nf3 a6 6.g3 Bg4 7.Bg2 Nc6 8.Ne2 
O-O-O 9.c3 e5 10.Be3 Qd5 11.Nh4 e4 12.h3 Bxe2 13.Qxe2 g5 14.c4 Qa5+ 15.Bd2
Bb4 16.d5 Bxd2+ 17.Qxd2 Qxd2+ 18.Kxd2 gxh4 19.Kc3 Ne5 20.g4 h6 21.Rhe1 Ng6
22.Bxe4 Nxe4+ 23.Rxe4 Rhe8 24.Rae1 Kd7 25.Kd4 Rxe4+ 26.Rxe4 Re8 27.f4 
Rxe4+ 28.Kxe4 Kd6 29.b4 b6 30.Kf5 b5 31.cxb5 axb5 32.g5 hxg5 33.Kxg5 Kxd5 
34.f5 Ne7 35.Kf6 Kd6 36.a3 c6 37.Kxf7 Nxf5 38.Kf6 Ne3 39.Kg5 Ng2 40.Kg4 
Ke5 41.Kf3 Nf4 42.Kg4 Nxh3 43.Kxh3 Kd4 0-1

[Event "12th Africa-ch (w)"]
[Site "Livingstone ZAM"]
[Date "2018.05.18"]
[Round "6"]
[White "Tlale, Tshepang"]
[Black "Vilhete, Vania"]
[Result "1/2-1/2"]
[WhiteElo "1844"]
[BlackElo "1717"]
[EventDate "2018.05.13"]
[PlyCount "154"]

1.Nf3 c5 2.c4 Nf6 3.g3 e6 4.Bg2 Nc6 5.O-O d5 6.b3 Be7 7.e3 O-O 8.Bb2 Qc7 
9.Qe2 b6 10.Rd1 Bb7 11.Nc3 a6 12.cxd5 exd5 13.Rac1 Rad8 14.d4 Rfe8 15.Na4 
cxd4 16.Nxd4 b5 17.Nc5 Nxd4 18.Bxd4 Qb8 19.Nxb7 Qxb7 20.Rc2 Rc8 21.Bh3 
Rxc2 22.Qxc2 Ne4 23.Rc1 Ng5 24.Bg2 Ne4 25.Qb2 Bf6 26.Bxf6 Nxf6 27.Rd1 Rc8 
28.Qd2 h6 29.Bxd5 Qxd5 30.Qxd5 Nxd5 31.Rxd5 Rc2 32.a4 b4 33.Rd4 a5 34.Rd5 
Rc3 35.Rxa5 Rxb3 36.Rb5 Rb1+ 37.Kg2 b3 38.a5 b2 39.a6 Ra1 40.Rxb2 Rxa6 41.
Rd2 Kh7 42.g4 Kg6 43.Kg3 f6 44.Rd7 Ra1 45.Rd5 Rg1+ 46.Kf3 Rh1 47.Kg2 Ra1 
48.h4 Ra4 49.Kf3 Rb4 50.e4 Rb3+ 51.Kf4 Rb4 52.f3 Rb3 53.h5+ Kh7 54.Rd7 Rb5
55.Ke3 Kg8 56.Rd5 Rb3+ 57.Rd3 Rb5 58.Kf4 Kf7 59.Rd7+ Kg8 60.Rd5 Rb3 61.e5 
fxe5+ 62.Rxe5 Rb4+ 63.Kf5 Kh7 64.f4 Rb6 65.Re6 Rb5+ 66.Re5 Rb6 67.g5 hxg5 
68.fxg5 g6+ 69.hxg6+ Rxg6 70.Re7+ Rg7 71.Rxg7+ Kxg7 72.Ke4 Kg6 73.Kf4 Kg7 
74.Kg4 Kg6 75.Kf4 Kg7 76.Kf5 Kf7 77.g6+ Kg7 1/2-1/2